Personas y lugares (Registro nro. 12196)

Detalles MARC
000 -LIDER
fixed length control field 00701nam a22002417a 4500
001 - NÚMERO DE CONTROL
Identificador de número de control 0007111
003 - IDENTIFICACDOR DE NÚMERO DE CONTROL
control field DO-SdBNP
005 - DATE AND TIME OF LATEST TRANSACTION
control field 20171124152746.0
007 - CAMPOS FIJOS DE DESCRIPCIÓN FÍSICA
fixed length control field 0007111
008 - ELEMENTOS DE LONGITUD FIJA
fixed length control field 161201b 1990 xxu a ||||| |||| 00| 0 spa d
020 ## - ISBN
International Standard Book Number 0852293585
040 ## - FUENTE DE CATALOGACIÓN
Agencia que crea de manera original el registro BPMSU
Idioma de catalogación spa
Agencia que realiza la transcripción BPMSU
082 ## - NÚMERO DE CLASIFICACIÓN DECIMAL DE DEWEY
Classification number xxxx
Item number xxxx
245 00 - MENCIÓN DE TITULO
Título Personas y lugares
260 ## - PUBLICACIÓN, DISTRIBUCIÓN, ETC. (PIE DE IMPRENTA)
Lugar de publicación, distribución, etc Estados Unidos de América :
Nombre del editor, distribuidor, etc. Unión Internacional,
Fecha de publicación, distribución, etc 1990.
300 ## - DESCRIPCIÓN FÍSICA
Extensión 61 p. :
Otros detalles físicos il ;
Dimensiones 24 cm.
490 1# - MENCIÓN DE SERIES
Mención de serie Biblioteca infantil de Britanica
505 0# - NOTA DE CONTENIDO
Título Personas y lugares.
830 #0 - ASIENTO SECUNDARIO DE SERIE--TÍTULO UNIFORME
Título uniforme Biblioteca infantil de Britanica
942 ## - ADDED ENTRY ELEMENTS (KOHA)
Source of classification or shelving scheme Dewey Decimal Classification
Koha item type Libros
945 ## - INFORMACIÓN DE PROCESAMIENTO LOCAL
Información de procesamiento local Inventariado extranjero / 2017 LP
956 ## - LOCAL ELECTRONIC LOCATION AND ACCESS (OCLC)
Nombre de host LPEREZ
Número de acceso 10
Información de compresión 20161201
Trayectoria 00041
Existencias
Withdrawn status Lost status Source of classification or shelving scheme Damaged status Not for loan Collection code Home library Current library Date acquired Source of acquisition Total Checkouts Full call number Barcode Date last seen Price effective from Koha item type
    Dewey Decimal Classification     Colección Infantil General Biblioteca Pública Metropolitana Salomé Ureña Biblioteca Pública Metropolitana Salomé Ureña 12/01/2016 Donación   xxxx xxxx BPMSU16120005 12/01/2016 12/01/2016 Libros